000
00317nam a2200133Ia 4500
005
20251222143128.0
008
251222s9999||||xx |||||||||||||| ||spa||
020
_a
84-7635-266-2
082
_a
808.3/K85E
100
_a
Krysinski, Wladimir
245
0
_a
Encrucijada de Signos:
264
_b
Arco Libros
942
_c
LIB
999
_c
11794
_d
11794